| 000 | 00728nam a2200217 a 4500 | ||
|---|---|---|---|
| 999 |
_c3845 _d3845 |
||
| 001 | 3845 | ||
| 003 | BD-JhCC | ||
| 005 | 20180305130606.0 | ||
| 008 | 171119s1394 bg |||| |||| 000 0 ben d | ||
| 035 | _a(BD-JhCC) 3845 | ||
| 040 |
_aBD-JhCC _dBD-JhCC |
||
| 041 | _aben | ||
| 082 |
_a891.443 _bMUK 1394 |
||
| 100 | _aমুখোপাধ্যায়, শীর্ষেন্দু | ||
| 245 |
_aকাঁচের মানুষ / _cশীর্ষেন্দু মুখোপাধ্যায় |
||
| 260 |
_aকলিকাতা : _bমন্ডল বুক হাউজ, _c১৩৯৪. |
||
| 300 |
_a১২৮ পৃ. : _c২১ সেমি. |
||
| 650 | _aBengali Novel | ||
| 942 |
_2ddc _cBK |
||